Textbook for CBSE class XII analysis of financial statements / (Record no. 182206)

MARC details
000 -LEADER
fixed length control field 00650nam a22001937a 4500
005 - DATE AND TIME OF LATEST TRANSACTION
control field 20211110152233.0
010 ## - LCCN (DPL NO)
LC control number B-741841
020 ## - INTERNATIONAL STANDARD BOOK NUMBER
International Standard Book Number 9788183507660
Terms of availability 405.00
035 ## - SYSTEM CONTROL NUMBER
System control number B-741841
037 ## - SOURCE OF ACQUISITION
Source of stock number/acquisition Sultan Chand /Gift
082 ## - DEWEY DECIMAL CLASSIFICATION NUMBER
Classification number 657.3
100 ## - MAIN ENTRY--PERSONAL NAME
Personal name Grewal, T.S.
245 ## - TITLE STATEMENT
Title Textbook for CBSE class XII analysis of financial statements /
Statement of responsibility, etc by T.S. Grewal
260 ## - PUBLICATION, DISTRIBUTION, ETC. (IMPRINT)
Place of publication, distribution, etc New Delhi
Name of publisher, distributor, etc Sultan Chand
Date of publication, distribution, etc 2018
270 ## - ADDRESS
Address 4859/24, Daryaganj,
City New Delhi
Postal code 110002
300 ## - PHYSICAL DESCRIPTION
Extent vp.:
Other physical details ill.
Dimensions 24cm(pbk)
942 ## - ADDED ENTRY ELEMENTS (KOHA)
Source of classification or shelving scheme Dewey Decimal Classification
Item type English Books
Call number suffix GRE
Classification part 657.3
Holdings
Withdrawn status Lost status Not for loan Collection code Home library Current library Date acquired Source of acquisition Cost, normal purchase price Full call number Barcode Copy number Cost, replacement price Koha item type Public note
      Non-fiction Bawana Bawana 10/11/2021 Eng/Gift/8.11.2021 405.00 657.3 GRE B-741841 1 405.00 English Books Gift

© Delhi Public Library
Hit Counter
free hit counter